[Event "chess.com SpeedChess 2023"]
[Site "chess.com INT"]
[Date "2023.09.14"]
[Round "2.13"]
[White "Nakamura,Hi"]
[Black "Caruana,F"]
[Result "1/2-1/2"]
[WhiteElo "2780"]
[BlackElo "2786"]

1.Nh3 d5 2.g3 Nc6 3.d4 e5 4.dxe5 Nxe5 5.Bg2 Nf6 6.O-O c6 7.b3 Bd6 8.Bb2 Qe7
9.Nd2 h5 10.e4 Bg4 11.f3 Bxh3 12.Bxh3 dxe4 13.Qe2 h4 14.Nxe4 Nxe4 15.Qxe4 hxg3
16.Kg2 gxh2 17.Rae1 Qg5+ 18.Bg4 f6 19.Kh1 Kf8 20.f4 Qxg4 21.fxe5 Qxe4+ 22.Rxe4 Be7
23.exf6 Bxf6 24.Bxf6 gxf6 25.Rxf6+ Kg7 26.Rf2 Rh7 27.Re7+ Kg8 28.Rxh7 Kxh7
29.Rf7+ Kg6 30.Rxb7 Rd8 31.Kxh2 Rd2+ 32.Kg3 Rxc2 33.Rxa7 Kf5 34.Kf3 Ke5 35.Ke3 Kd6
36.Kd3 Rh2 37.Ra5 Kc7 38.Kc3 Kb6 39.b4 Rh3+ 40.Kb2 Rh2+ 41.Kb3 Rg2 42.a3 Rg3+
43.Ka4 Rh3 44.Rg5 Rf3 45.Rg6 Rh3 46.Rd6 Rf3 47.Rd1 Rh3 48.Rc1 Rf3 49.Rc2 Rh3
50.Rb2 Rf3 51.Rb3 Rf5 52.Rh3 Rf6 53.Rc3 Rf5 54.Kb3 c5 55.Rh3 cxb4 56.axb4 Rf6
57.Ka4 Kb7 58.Rh5 Rf7 59.Ka5 Rf6 60.Rh7+ Kb8 61.Re7 Rg6 62.Kb5 Rh6 63.Kc5 Rg6
64.Rd7 Rh6 65.Rg7 Rf6 66.Rg1 Rh6 67.Rd1 Rf6 68.Ra1 Rg6 69.Re1 Rh6 70.Rg1 Rf6
71.Rh1 Rg6 72.Rh2 Rf6 73.Rh3 Rg6 74.Rh4 Rf6 75.Rh5 Rg6 76.Kb5 Rf6 77.Ka5 Re6
78.Rd5 Rf6 79.Rd2 Rg6 80.Rc2 Rf6 81.Rc1 Rg6 82.Rb1 Rh6 83.Rb2 Rg6 84.Re2 Rf6
85.Rh2 Rg6 86.Rh3 Rf6 87.Rh1 Rf5+ 88.Ka4 Rf6 89.Rh7 Rg6 90.Rh8+ Kb7 91.Rf8 Rh6
92.Rf5 Rg6 93.Rb5+ Ka7 94.Rc5 Kb7 95.Rd5 Ka7 96.Rf5 Ra6+ 97.Kb5 Rb6+ 98.Kc5 Rh6
99.Rf7+ Kb8 100.Rg7 Rh5+ 101.Kb6 Rh6+ 102.Ka5 Rh5+ 103.b5 Rh6 104.Rf7 Rg6
105.Rf2 Rh6 106.Re2 Rg6 107.Re8+ Kb7 108.Re7+ Kb8 109.Rf7 Rh6 110.Rf2 Rg6
111.Rc2 Rh6 112.Rc1 Rg6 113.Rd1 Rh6 114.Rg1 Rf6 115.Rg2 Rh6 116.Rf2 Rg6 117.Rh2 Rf6
118.Rh3 Rg6 119.Rh4 Rf6 120.Rd4 Rg6 121.Rc4 Rf6 122.Kb4 Rg6 123.Kc5 Rg5+
124.Kb6 Rg6+ 125.Rc6 Rg7 126.Rh6 Rg8 127.Ka6 Ka8 128.Re6 Kb8 129.Rd6 Ka8
130.Rc6 Kb8 131.Rb6+ Ka8 132.Re6 Kb8 133.Re4 Ka8 134.Rf4 Kb8 135.Rh4 Ka8
136.Rc4 Kb8 137.Rc2 Ka8 138.Rc1 Kb8 139.Rd1 Ka8 140.Re1 Kb8 141.Rf1 Ka8 142.Rh1 Kb8
143.Rh3 Ka8 144.Rf3 Kb8 145.Rf4 Ka8 146.Rb4 Kb8 147.Rc4 Ka8 148.Rd4 Kb8 149.Re4 Ka8
150.Rf4 Kb8 151.Ra4 Ka8 152.b6 Kb8 153.Rf4 Rh8 154.Rf3 Rg8 155.Rf2 Rh8 156.Rf1 Rg8
157.Re1 Rh8 158.Rd1 Rg8 159.Rc1 Rh8 160.Rc7 Rg8 161.Rb7+ Ka8 162.Rd7 Kb8
163.Re7 Ka8 164.Rf7 Kb8 165.Rf5 Ka8 166.Re5 Kb8 167.Rd5 Ka8 168.Rc5 Kb8 169.Rb5 Ka8
170.Ra5 Kb8 171.Ra3 Rh8 172.Rd3 Rg8 173.Rd2 Ka8 174.Rc2 Kb8 175.Rb2 Ka8 176.Rh2 Kb8
177.Rh5 Rf8 178.Rh6 Rg8 179.Rf6 Rh8 180.Re6 Rg8 181.Rd6 Rh8 182.Rd7 Rg8 183.Re7 Rh8
184.Rf7 Rg8 185.Rh7 Rf8 186.Kb5 Rg8 187.Ka5 Rf8 188.Ka6 Rg8 189.Rh4 Rf8 190.Rc4 Rg8
191.Rc3 Rf8 192.Rc2 Rg8 193.Rc1 Rf8 194.Rb1 Rg8 195.Rb4 Rf8 196.Rb5 Rg8 197.Rc5 Rf8
198.Rc6 Rg8 199.Rd6 Rf8 200.b7 Rg8  1/2-1/2

[Event "chess.com SpeedChess 2023"]
[Site "chess.com INT"]
[Date "2023.09.14"]
[Round "2.14"]
[White "Caruana,F"]
[Black "Nakamura,Hi"]
[Result "1/2-1/2"]
[WhiteElo "2786"]
[BlackElo "2780"]

1.e4 a6 2.d4 e6 3.Nc3 b5 4.Nf3 Bb7 5.Bd3 c5 6.d5 c4 7.Be2 Bc5 8.O-O Nf6 9.dxe6 dxe6
10.Qxd8+ Kxd8 11.e5 Nfd7 12.Bf4 h6 13.h4 Ke7 14.Rad1 Rc8 15.Rfe1 Nb6 16.h5 Nd5
17.Nxd5+ Bxd5 18.Nd4 Bb7 19.Be3 Nd7 20.f4 Nb6 21.Bf2 Na4 22.Rb1 Be4 23.Bf3 Bxd4
24.Bxe4 Bxf2+ 25.Kxf2 Ra7 26.c3 Rd8 27.Re2 Rad7 28.Bc2 Nc5 29.g3 a5 30.b3 cxb3
31.axb3 b4 32.Ra1 bxc3 33.Rxa5 Rc7 34.b4 Nd7 35.Rb5 Ra8 36.Be4 Ra6 37.Rc2 Nb6
38.Ra5 Rxa5 39.bxa5 Nc4 40.a6 Nb6 41.Bb7 Rc4 42.Ke3 f6 43.exf6+ Kxf6 44.Kd3 Ra4
45.Rxc3 Nd5 46.Rb3 Kf5 47.Bc8 Nb4+ 48.Kc3 Nxa6 49.Rb6 Nc5 50.Rc6 Ne4+ 51.Kb3 Rd4
52.Bxe6+ Kf6 53.Bc4+ Ke7 54.Kc2 Kd7 55.Bb5 Nd6 56.Rc5+ Nxb5 57.Rxb5 Ke6 58.Rb7 Kf6
59.Rb6+ Kf7 60.Rg6 Rd5 61.g4 Rd4 62.f5 Rd5 63.Kc3 Rd1 64.f6 gxf6 65.Rxh6 f5
66.gxf5 Rf1 67.f6 Rxf6 68.Rxf6+ Kxf6 69.h6 Kg6 70.h7 Kxh7  1/2-1/2

[Event "chess.com SpeedChess 2023"]
[Site "chess.com INT"]
[Date "2023.09.14"]
[Round "2.15"]
[White "Nakamura,Hi"]
[Black "Caruana,F"]
[Result "1-0"]
[WhiteElo "2780"]
[BlackElo "2786"]

1.Nh3 d5 2.g3 e5 3.Bg2 Nc6 4.d3 h5 5.f3 Be6 6.e4 d4 7.Ng5 Bd7 8.f4 h4 9.f5 Be7
10.Nf3 h3 11.Bf1 g6 12.g4 Bh4+ 13.Ke2 Bf6 14.Rg1 gxf5 15.gxf5 Qe7 16.Rg3 O-O-O
17.Nbd2 Nh6 18.Bxh3 Rdg8 19.Qg1 Rxg3 20.hxg3 Nb4 21.Kd1 Qc5 22.Ne1 Ng8 23.Bf1 Bg5
24.Nb3 Qe7 25.Bxg5 Qxg5 26.Nf3 Qg7 27.c3 Nc6 28.cxd4 exd4 29.Nbxd4 Nf6 30.Nxc6 Bxc6
31.Qxa7 Rh1 32.Ne5 Nd7 33.Nxc6 Rxf1+ 34.Kc2 Rf2+ 35.Qxf2  1-0

[Event "chess.com SpeedChess 2023"]
[Site "chess.com INT"]
[Date "2023.09.14"]
[Round "2.16"]
[White "Caruana,F"]
[Black "Nakamura,Hi"]
[Result "1-0"]
[WhiteElo "2786"]
[BlackElo "2780"]

1.e4 a6 2.d4 e6 3.Nc3 b5 4.Nf3 Bb7 5.Bd3 c5 6.d5 c4 7.Be2 Bc5 8.e5 Qb6 9.O-O Ne7
10.dxe6 dxe6 11.Ng5 Nd7 12.Bf3 Rd8 13.Bxb7 Qxb7 14.Nce4 Qb8 15.Qh5 Ng6 16.Bf4 Be7
17.Bg3 Nb6 18.Nd6+ Bxd6 19.exd6 Nd7 20.Rfe1 Qb7 21.Nxe6 fxe6 22.Rxe6+ Kf7
23.Re7+ Kg8 24.Rae1 Qc8 25.Qd5+  1-0

[Event "AI Cup Play-In Match 2023"]
[Site "chess.com INT"]
[Date "2023.09.18"]
[Round "1.1"]
[White "Andreikin,D"]
[Black "Nakamura,Hi"]
[Result "1-0"]
[WhiteElo "2729"]
[BlackElo "2780"]

1.d4 Nf6 2.c4 e6 3.Nf3 b6 4.g3 Bb7 5.Bg2 Bb4+ 6.Bd2 Bxd2+ 7.Qxd2 O-O 8.Nc3 Ne4
9.Qc2 Nxc3 10.Ng5 Ne4 11.Nxe4 Nc6 12.Qc3 Na5 13.O-O f5 14.Nd2 Bxg2 15.Kxg2 c5
16.dxc5 bxc5 17.Rad1 Qc7 18.Nf3 Rad8 19.Rd3 d6 20.Rfd1 Nb7 21.Ng5 Rde8 22.Nh3 e5
23.Rd5 Rf6 24.Ng5 h6 25.Nf3 Nd8 26.b4 cxb4 27.Qxb4 Nf7 28.c5 dxc5 29.Rxc5 Qe7
30.Qc4 Qe6 31.Qxe6 Rfxe6 32.Rd7 a6 33.Rcc7 Rf6 34.h4 e4 35.Nd4 f4 36.g4 g6
37.a4 f3+ 38.exf3 exf3+ 39.Nxf3 Rf4 40.Kg3 Ree4 41.Rc8+ Kg7 42.Ne5 Rf6 43.Rxf7+ Rxf7
44.Nxf7 Kxf7 45.Rc7+ Kf8 46.Rc6 Rxa4 47.Rxg6 h5 48.f3 a5 49.Ra6 Kg7 50.g5 Ra3
51.Kf4 a4 52.Ke4 Ra1 53.Kf5 a3 54.Ra7+ Kf8  1-0

[Event "AI Cup Play-In Match 2023"]
[Site "chess.com INT"]
[Date "2023.09.18"]
[Round "1.3"]
[White "Andreikin,D"]
[Black "Nakamura,Hi"]
[Result "1/2-1/2"]
[WhiteElo "2729"]
[BlackElo "2780"]

1.d4 Nf6 2.c4 e6 3.Nf3 b6 4.g3 Bb7 5.Bg2 Bb4+ 6.Bd2 Bxd2+ 7.Qxd2 O-O 8.Nc3 Ne4
9.Qd3 Nxc3 10.Ng5 Ne4 11.Nxe4 Nc6 12.O-O f5 13.Nc3 Nb4 14.Qd2 Bxg2 15.Kxg2 Nc6
16.Rad1 Qf6 17.f4 Rad8 18.e4 fxe4 19.Nxe4 Qg6 20.Ng5 Ne7 21.d5 exd5 22.Rfe1 Rde8
23.cxd5 Nf5 24.Nf3 d6 25.Qc3 h6 26.Kf2 Qf7 27.Qd3 Qf6 28.b3 g5 29.g4 Nh4
30.f5 Nxf3 31.Kxf3 Re5 32.Rxe5 Qxe5 33.Qe2 Re8 34.Qxe5 Rxe5 35.Rc1 Rxd5 36.Rxc7 Ra5
37.Ke4 h5 38.h3 hxg4 39.hxg4 Rxa2 40.Kd5 Re2 41.Rxa7 b5 42.Rb7 Kf8 43.Kxd6 Re4
44.f6 b4 45.Kd5 Re3 46.Rxb4 Kf7 47.Rb6 Kg6 48.b4 Rg3 49.Ke6 Rxg4 50.Ke7 Rf4
51.Re6 g4 52.b5 Kh7 53.b6 g3 54.b7 Rb4 55.f7 Rxb7+ 56.Kf6 g2 57.f8=Q g1=Q
58.Re7+ Rxe7 59.Qxe7+ Kh8 60.Qe8+ Qg8 61.Qh5+ Qh7 62.Qe8+ Qg8 63.Qh5+ Qh7
64.Qxh7+ Kxh7  1/2-1/2

[Event "AI Cup Play-In Match 2023"]
[Site "chess.com INT"]
[Date "2023.09.18"]
[Round "1.2"]
[White "Nakamura,Hi"]
[Black "Andreikin,D"]
[Result "1-0"]
[WhiteElo "2780"]
[BlackElo "2729"]

1.Nf3 Nf6 2.b3 d5 3.c4 d4 4.e3 Nc6 5.d3 e5 6.e4 Bb4+ 7.Bd2 Bg4 8.Be2 Bxf3
9.Bxf3 Bxd2+ 10.Nxd2 Qe7 11.a3 a5 12.O-O O-O 13.g3 Nd7 14.Qc2 Nc5 15.Bg2 Ra6
16.f4 Rb6 17.Kh1 Rd8 18.Rf3 Rd6 19.Raf1 Rf6 20.Qd1 Nd7 21.Bh3 Nf8 22.Qc1 Rh6
23.Bc8 Na7 24.Bf5 Nc6 25.R3f2 Rf6 26.Bc8 Ng6 27.Bf5 exf4 28.gxf4 Nh4 29.Bh3 Rh6
30.Rg1 Ng6 31.Rg3 Qh4 32.Qf1 Nce7 33.Nf3 Qf6 34.Ne5 Rxb3 35.Ng4 Qh4 36.Nxh6+ Qxh6
37.a4 Ra3 38.Bd7 Rc3 39.Rg1 Qh4 40.Qg2 Qh6 41.Qg3 Nf8 42.Be8 g6 43.f5 Qe3
44.Rf3 Qe2 45.fxg6 Nfxg6 46.Bxf7+ Kh8 47.Bxg6 Nxg6 48.Qe5+ Kg8 49.Qe8+ Kg7
50.Qf8+  1-0

[Event "AI Cup Play-In 2023"]
[Site "chess.com INT"]
[Date "2023.09.18"]
[Round "1"]
[White "Nakamura,Hi"]
[Black "Zakhartsov,Vl"]
[Result "1-0"]
[WhiteElo "2780"]
[BlackElo "2526"]

1.Nf3 c5 2.b3 d5 3.Bb2 a6 4.e3 Nc6 5.d4 Bg4 6.Be2 Bxf3 7.Bxf3 cxd4 8.exd4 Nf6
9.c4 e6 10.O-O Bd6 11.Nd2 O-O 12.a3 Rc8 13.c5 Bb8 14.b4 e5 15.dxe5 Bxe5 16.Bxe5 Nxe5
17.Nb3 Re8 18.Be2 Nc6 19.Rc1 Rc7 20.Qc2 Rce7 21.Bf3 Ne5 22.Nd4 Nxf3+ 23.Nxf3 Re2
24.Qd3 Ra2 25.c6 bxc6 26.Rxc6 a5 27.Qb3 Rae2 28.b5 d4 29.b6 d3 30.b7 Qb8
31.Ra6 R2e7 32.Rb1 d2 33.Nxd2 Qf4 34.b8=Q Qxd2 35.h3 Rxb8 36.Qxb8+ Re8 37.Rxf6  1-0

[Event "AI Cup Play-In 2023"]
[Site "chess.com INT"]
[Date "2023.09.18"]
[Round "2"]
[White "Chigaev,M"]
[Black "Nakamura,Hi"]
[Result "0-1"]
[WhiteElo "2615"]
[BlackElo "2780"]

1.e4 e5 2.Nf3 Nc6 3.d4 exd4 4.Nxd4 Nf6 5.Nxc6 bxc6 6.e5 Qe7 7.Qe2 Nd5 8.g3 g6
9.c4 Ba6 10.b3 Bg7 11.Bb2 O-O 12.Bg2 Rfe8 13.O-O Bxe5 14.Qxe5 Qxe5 15.Bxe5 Rxe5
16.cxd5 Bxf1 17.Kxf1 cxd5 18.Na3 c6 19.Rd1 a5 20.Nc2 Kf8 21.Rd4 Ree8 22.Ra4 Ke7
23.Ke2 Kd6+ 24.Kd2 Kc7 25.h4 Kb6 26.Bf3 Re6 27.Rf4 f5 28.h5 Rf8 29.g4 Ref6
30.hxg6 hxg6 31.g5 Re6 32.Rh4 Ree8 33.Rh6 Rh8 34.Rxg6 Rh2 35.Bxd5 Rxf2+ 36.Kd3 Ree2
37.Ne3 Kc5 38.Bf7 Rd2+ 39.Kc3 f4 40.Nc4 Rc2+ 41.Kd3 d5 42.Rf6 dxc4+ 43.Bxc4 Rfd2+
44.Ke4 Rd4+ 45.Ke5 Rg2 46.Rf5 a4 47.Bf7 f3 48.Kf6+ Kb4 49.a3+ Kxa3 50.Rxf3 Rdg4
51.bxa4+ Kxa4 52.g6 c5 53.Rc3 Kb5 54.Rb3+ Kc6 55.Be8+ Kd5 56.Rd3+ Kc4 57.Rf3 Kb4
58.Rf5 c4 59.Rb5+ Kc3 60.Bf7 Kd3 61.Rd5+ Kc2 62.Rd8 c3 63.Rg8 Kc1 64.g7 c2
65.Bb3 R4g3 66.Bxc2 Rxc2 67.Rf8 Rc6+  0-1

[Event "AI Cup Play-In 2023"]
[Site "chess.com INT"]
[Date "2023.09.18"]
[Round "3"]
[White "Nakamura,Hi"]
[Black "Meier,Geo"]
[Result "0-1"]
[WhiteElo "2780"]
[BlackElo "2628"]

1.Nf3 d5 2.b3 Bf5 3.Ba3 Nf6 4.e3 Nbd7 5.c4 e6 6.Bxf8 Nxf8 7.Nc3 N8d7 8.b4 c6
9.Be2 O-O 10.O-O h6 11.Qb3 Qe7 12.Rac1 Bg4 13.Ne1 Bxe2 14.Nxe2 a5 15.a3 axb4
16.axb4 Ne4 17.Nf3 Nd6 18.d3 Ra7 19.Ra1 Rfa8 20.Rxa7 Rxa7 21.h3 Qf6 22.Nc3 Ne5
23.Nxe5 Qxe5 24.cxd5 cxd5 25.Na4 b5 26.Nc5 Ra1 27.g3 Nf5 28.d4 Rxf1+ 29.Kxf1 Qf6
30.Ke2 Nd6 31.Qc2 Nc4 32.Qa2 h5 33.Qb1 Qd8 34.Qa1 Qf6 35.Qb1 Qd8 36.Nd3 g6
37.Nf4 Qf6 38.h4 Kg7 39.Nh3 Qe7 40.Nf4 Qa7 41.Nd3 Qa3 42.Qc2 Qa1 43.Qc1 Qa2+
44.Kf3 Qb3 45.Ke2 Qa2+ 46.Ke1 Qb3 47.Qd1 Qc3+ 48.Ke2 Kf6 49.f3 Kg7 50.g4 hxg4
51.fxg4 Qa3 52.Kf3 Qa2 53.Qe2 Qb1 54.Kg2 Nd6 55.h5 Ne4 56.hxg6 Kxg6 57.Ne5+ Kg7
58.Qf3 Qc2+ 59.Kg1 Qc1+ 60.Kg2 Qc2+ 61.Kg1 f6 62.Nd7 Qc1+ 63.Kg2 Qd2+ 64.Kg1 Qxb4
65.g5 Qe1+ 66.Kg2 Qd2+ 67.Kg1 Qe1+ 68.Kg2 Qd2+ 69.Kg1 f5 70.Ne5 Qe1+ 71.Kg2 Qd2+
72.Kg1 Qe1+ 73.Kg2 Qh4 74.g6 b4 75.Nd3 b3 76.Nf4 Qg4+ 77.Qxg4 fxg4 78.Nxe6+ Kxg6
79.Nf4+ Kf5 80.Nd3 Nd6 81.Kg3 Nc4  0-1

[Event "AI Cup Play-In 2023"]
[Site "chess.com INT"]
[Date "2023.09.18"]
[Round "4"]
[White "Sychev,K"]
[Black "Nakamura,Hi"]
[Result "0-1"]
[WhiteElo "2552"]
[BlackElo "2780"]

1.e4 a6 2.d4 c6 3.Bd3 d5 4.e5 c5 5.dxc5 Qa5+ 6.c3 Qxc5 7.Nf3 Qc7 8.h3 Nc6
9.Bf4 e6 10.O-O Bc5 11.c4 Nb4 12.cxd5 Nxd5 13.Bg3 Nge7 14.Nbd2 Ba7 15.Ne4 O-O
16.Nd6 h6 17.Qe2 Nf5 18.Bh2 Bd7 19.Qe4 Nde7 20.Rac1 Bc6 21.Qg4 Qa5 22.a3 Rad8
23.Kh1 Bb8 24.Nxf5 exf5 25.Bxf5 Nxf5 26.Qxf5 Rfe8 27.Bg3 Qb5 28.b4 Qd3 29.Qxd3 Rxd3
30.e6 Bxg3 31.exf7+ Kxf7 32.fxg3 Kg8 33.Kh2 Re2 34.Kg1 Rxa3 35.Rfe1 Rb2  0-1

[Event "AI Cup Play-In 2023"]
[Site "chess.com INT"]
[Date "2023.09.18"]
[Round "5"]
[White "Nakamura,Hi"]
[Black "Sargsyan,Shant"]
[Result "1-0"]
[WhiteElo "2780"]
[BlackElo "2631"]

1.Nf3 d5 2.b3 Nf6 3.e3 Bg4 4.Bb2 e6 5.d3 c5 6.Nbd2 Nc6 7.h3 Bh5 8.g4 Bg6
9.Nh4 Bd6 10.Bg2 Qc7 11.Qe2 Be5 12.c3 O-O-O 13.f4 Bd6 14.O-O Kb8 15.Rac1 Rhe8
16.a3 h6 17.b4 Bh7 18.b5 Ne7 19.c4 d4 20.Nb3 Nd7 21.exd4 Bxf4 22.Rxf4 Qxf4
23.dxc5 Bxd3 24.Qxd3 Nxc5 25.Qe2 Nd3 26.Rf1 Qxc4 27.Be5+ Nxe5 28.Qxe5+ Qc7
29.Qxc7+ Kxc7 30.Rxf7 Kb6 31.a4 a5 32.Nf3 Rd3 33.Nfd2 Rc3 34.Bf1 Ka7 35.Nxa5 Kb6
36.Nac4+ Kc5 37.Ne4+  1-0

[Event "AI Cup Play-In 2023"]
[Site "chess.com INT"]
[Date "2023.09.18"]
[Round "6"]
[White "Esipenko,Andrey"]
[Black "Nakamura,Hi"]
[Result "1/2-1/2"]
[WhiteElo "2683"]
[BlackElo "2780"]

1.e4 e5 2.Nf3 Nc6 3.Bc4 Nf6 4.d3 Bc5 5.Nc3 h6 6.h3 d6 7.Na4 Bb6 8.a3 O-O
9.O-O Re8 10.b4 Be6 11.Bxe6 Rxe6 12.c4 Ne7 13.Re1 c6 14.Nxb6 Qxb6 15.Qc2 Ng6
16.c5 dxc5 17.bxc5 Qc7 18.d4 Qe7 19.dxe5 Nd7 20.Be3 Ngxe5 21.Nd4 Qxc5 22.Qxc5 Nxc5
23.Nxe6 Nxe6 24.a4 g5 25.a5 Nc4 26.Ra4 Nxe3 27.Rxe3 Rd8 28.g3 Rd1+ 29.Kg2 Rd2
30.Rc4 Nd4 31.Rcc3 Ra2 32.Red3 Ra4 33.Rd2 b6 34.axb6 axb6 35.f4 Kg7 36.Kf2 Rb4
37.fxg5 hxg5 38.Rxd4 Rxd4 39.Rxc6  1/2-1/2

[Event "AI Cup Play-In 2023"]
[Site "chess.com INT"]
[Date "2023.09.18"]
[Round "7"]
[White "Erigaisi,Arjun"]
[Black "Nakamura,Hi"]
[Result "0-1"]
[WhiteElo "2712"]
[BlackElo "2780"]

1.d4 Nf6 2.Bf4 d5 3.e3 Bf5 4.Nc3 e6 5.Bd3 Bb4 6.Bxf5 exf5 7.Qd3 Qd7 8.Be5 Be7
9.Nge2 c6 10.f3 Na6 11.h3 h5 12.a3 h4 13.O-O O-O-O 14.b4 Nc7 15.Rfb1 Bd6
16.Bxd6 Qxd6 17.Qxf5+ Kb8 18.Qf4 Rhe8 19.Qxd6 Rxd6 20.Kf2 Rde6 21.Nd1 Nb5
22.Nf4 R6e7 23.Nd3 Nd7 24.c3 Nb6 25.Ne5 g5 26.Ra2 f6 27.Ng4 Re6 28.a4 Nd6
29.b5 cxb5 30.axb5 Nbc4 31.Rb4 f5 32.Ne5 Nxe5 33.dxe5 Rxe5 34.f4 Ne4+ 35.Kf3 gxf4
36.Kxf4 Nd6 37.b6 axb6 38.Rxb6 Re4+ 39.Kf3 Nc4 40.Rh6 Rg8 41.Kf2 f4 42.exf4 Rxf4+
43.Kg1 Re4 44.Rf6 Rg3 45.Rf8+ Kc7 46.Rf7+ Kc6 47.Rf6+ Kd7 48.Rf7+ Ke6 49.Raf2 Re1+
50.Rf1 Rxf1+ 51.Rxf1 Rd3 52.Kf2 b5 53.Ke2 Rg3 54.Rf4 Rxg2+ 55.Kf1 Rh2 56.Rxh4 Nd2+  0-1

[Event "Titled Tue 19th Sep Early"]
[Site "chess.com INT"]
[Date "2023.09.19"]
[Round "1"]
[White "Toncheva,Nadya"]
[Black "Nakamura,Hi"]
[Result "0-1"]
[WhiteElo "2253"]
[BlackElo "2780"]

1.d4 a6 2.e4 c6 3.Nc3 d5 4.Nf3 Bg4 5.Be2 e6 6.Be3 Nd7 7.Qd2 Bb4 8.exd5 cxd5
9.a3 Ba5 10.O-O Ngf6 11.Ne5 Bxc3 12.bxc3 Bxe2 13.Qxe2 Qc7 14.Nxd7 Nxd7 15.Bd2 O-O
16.Rab1 Nb6 17.Rb3 Nc4 18.a4 Qc6 19.Qd3 b6 20.Ra1 Rab8 21.h3 b5 22.axb5 Rxb5
23.Rab1 Rfb8 24.Be1 R8b7 25.Bd2 a5 26.Be1 a4 27.Rxb5 Rxb5 28.Ra1 a3 29.h4 Qa6
30.h5 h6 31.f3 a2 32.Qd1 Rb2 33.Bf2 Qb5 34.Kh2 Rb1  0-1

[Event "Titled Tue 19th Sep Early"]
[Site "chess.com INT"]
[Date "2023.09.19"]
[Round "2"]
[White "Nakamura,Hi"]
[Black "Kashefi,Amir Hosein"]
[Result "1/2-1/2"]
[WhiteElo "2780"]
[BlackElo "2194"]

1.Nf3 Nf6 2.b3 d5 3.e3 c6 4.c4 Bf5 5.Ba3 Nbd7 6.Nc3 Qa5 7.Qc1 e6 8.Bxf8 Nxf8
9.Nh4 Bg6 10.b4 Qxb4 11.d3 dxc4 12.Nxg6 Nxg6 13.Rb1 Qe7 14.dxc4 O-O 15.Be2 Rad8
16.O-O Rd7 17.Qc2 Rfd8 18.Rb2 b6 19.Rfb1 Qc5 20.h3 h6 21.Qc1 Ne5 22.Rc2 Nd3
23.Qf1 Ne5 24.Rbb2 Nd3 25.Rb3 Qe7 26.Rb1 Nc5 27.Bf3 Qd6 28.Qc1 Qc7 29.Ne2 Nd3
30.Qa3 Ne5 31.Ng3 Nxf3+ 32.gxf3 Rd3 33.Qc1 Qe5 34.Kg2 Qa5 35.Qb2 Nh5 36.Nh1 Qg5+
37.Kh2 Rd1 38.Ng3 Nxg3 39.fxg3 Qxe3 40.Rxd1 Rxd1 41.Rg2 Qe1 42.g4 Qh1+ 43.Kg3 Qe1+
44.Kh2 Qh1+ 45.Kg3 Rg1 46.Rxg1 Qxg1+ 47.Kf4 Qc5 48.Qb3 Qd6+ 49.Ke4 c5 50.f4 Qd4+
51.Kf3 e5 52.fxe5 Qxe5 53.Qd3 Qf6+ 54.Kg2 Qe6 55.Kg3 g6 56.h4 Kg7 57.Qc3+ Qf6
58.Qe3 Qd6+ 59.Kh3 Qd4 60.Qe2 Qc3+ 61.Kg2 Qd4 62.Kg3 Qg1+ 63.Kh3 Qh1+ 64.Kg3 Qg1+
65.Kh3 Qa1 66.Kg3 Qc3+ 67.Kg2 a6 68.a4 Qd4 69.Kh3 Qf6 70.Qd3 Kh7 71.Qb3 Qc6
72.Kg3 Qd6+ 73.Kh3 Qe6 74.Kg3 Kg7 75.Qc3+ Qf6 76.Qb3 g5 77.hxg5 hxg5 78.Kh3 Qf1+
79.Kh2 Qf4+ 80.Kh3 Qf2 81.Qc3+ f6 82.a5 Qh4+ 83.Kg2 Qxg4+ 84.Kh2 Qf4+ 85.Kh3 bxa5
86.Qd3 Qh4+ 87.Kg2 Qg4+ 88.Kh2 Qf4+ 89.Kh3 Qh4+ 90.Kg2 Qd4 91.Qe2 Qd7 92.Qe3 Qc6+
93.Kg3 Qc7+ 94.Kg2 Qc6+ 95.Kg3 a4 96.Qd3 Kf7 97.Kf2 Ke6 98.Qh3+ Kd6 99.Qg3+ Kd7
100.Qa3 Qb6 101.Qd3+ Qd6 102.Qc2 Kc7 103.Qxa4 Qd4+ 104.Kg2 Qg4+ 105.Kf2 Qd4+
106.Kg2 Kd8 107.Qxa6 Ke7 108.Qb5 Kf7 109.Kf3 Kg6 110.Qe8+ Kg7 111.Qe7+ Kh6
112.Qf8+ Kg6 113.Qe8+ Kf5 114.Qc8+ Ke5 115.Qe8+ Kd6 116.Qd8+ Kc6 117.Qc8+ Kd6
118.Qd8+ Ke6 119.Qe8+ Kf5 120.Qc8+ Kg6 121.Qg8+ Kh6 122.Qh8+ Kg6 123.Qg8+ Kf5
124.Qc8+  1/2-1/2

[Event "Titled Tue 19th Sep Early"]
[Site "chess.com INT"]
[Date "2023.09.19"]
[Round "3"]
[White "Pham Le Thao Nguyen"]
[Black "Nakamura,Hi"]
[Result "0-1"]
[WhiteElo "2380"]
[BlackElo "2780"]

1.d4 a6 2.c4 c5 3.Nf3 Nf6 4.Nc3 cxd4 5.Nxd4 e5 6.Nc2 Bc5 7.Be3 Qc7 8.Bxc5 Qxc5
9.e3 d6 10.Qd2 O-O 11.Rd1 Rd8 12.Be2 Be6 13.b3 Nc6 14.O-O Rac8 15.Bf3 b5
16.Bxc6 Rxc6 17.Nd5 Bxd5 18.cxd5 Nxd5 19.Qxd5 Qxd5 20.Rxd5 Rxc2 21.a4 b4
22.g3 Kf8 23.Rb1 Ke7 24.Ra5 Ra8 25.Kg2 Ke6 26.e4 g6 27.g4 Rc6 28.Rd1 Rac8
29.Rdd5 Rb6 30.Rd3 Rc3 31.Rf3 Rbc6 32.Rg3 Kd7 33.g5 Rxg3+ 34.hxg3 Kc7 35.Rd5 Rc3
36.Rd2 Rxb3 37.Kh3 Ra3 38.Kg4 Rxa4 39.f4 b3 40.Rb2 Rb4  0-1

[Event "Titled Tue 19th Sep Early"]
[Site "chess.com INT"]
[Date "2023.09.19"]
[Round "4"]
[White "Nakamura,Hi"]
[Black "Rozman,Levy"]
[Result "1-0"]
[WhiteElo "2780"]
[BlackElo "2322"]

1.Nf3 g6 2.e4 Bg7 3.d4 d6 4.Bc4 Nc6 5.c3 Nf6 6.Qe2 O-O 7.e5 dxe5 8.dxe5 Nd5
9.h3 Nb6 10.Bb5 a6 11.Bxc6 bxc6 12.O-O a5 13.Rd1 Qe8 14.c4 Ba6 15.b3 a4 16.Nc3 Qc8
17.Bb2 Qf5 18.Ne4 Rfd8 19.Nc5 Rdb8 20.Nxa6 Rxa6 21.c5 a3 22.Bd4  1-0

[Event "Titled Tue 19th Sep Early"]
[Site "chess.com INT"]
[Date "2023.09.19"]
[Round "5"]
[White "Nakamura,Hi"]
[Black "Kravtsiv,M"]
[Result "0-1"]
[WhiteElo "2780"]
[BlackElo "2598"]

1.Nf3 d5 2.e3 Nf6 3.b3 e6 4.c4 Be7 5.Bb2 O-O 6.d4 c5 7.dxc5 Bxc5 8.Nbd2 Nc6
9.a3 Be7 10.b4 dxc4 11.Bxc4 a6 12.Rc1 b5 13.Be2 Bb7 14.O-O Rc8 15.Nb3 Qxd1
16.Rfxd1 Rfd8 17.Nfd4 Nxd4 18.Bxd4 Rxc1 19.Rxc1 Rc8 20.Ra1 Bd5 21.Nc5 Bxc5
22.bxc5 Nd7 23.Rc1 e5 24.Bb2 Rxc5 25.Rxc5 Nxc5 26.Bxe5 f6 27.Bd4 Nb3 28.Bc3 Kf7
29.f3 Bc4 30.Bxc4+ bxc4 31.e4 Nc1 32.Kf2 Na2 33.Ba5 c3 34.Ke3 c2 35.Bd2 Ke6
36.Kd4 Kd6 37.Bf4+ Kc6 38.e5 c1=Q 39.Bxc1 Nxc1 40.exf6 gxf6 41.Ke4 Kd6 42.Kf5 Ke7
43.g4 Nd3 44.h4 Ne5 45.f4 Nc4 46.g5 fxg5 47.fxg5 Nxa3 48.h5 Kf7 49.Ke5 Nb5
50.Kd5 Nc7+ 51.Kc6 Ke6  0-1

[Event "Titled Tue 19th Sep Early"]
[Site "chess.com INT"]
[Date "2023.09.19"]
[Round "6"]
[White "Crevatin,Leo"]
[Black "Nakamura,Hi"]
[Result "0-1"]
[WhiteElo "2292"]
[BlackElo "2780"]

1.d4 a6 2.Nf3 Nf6 3.g3 b5 4.Bg2 Bb7 5.a4 b4 6.c4 bxc3 7.bxc3 e6 8.O-O Be7
9.Qb3 Ra7 10.Nbd2 d6 11.Qc2 Nbd7 12.e4 O-O 13.Rb1 Qa8 14.Re1 c5 15.e5 Ne8
16.Re3 cxd4 17.cxd4 dxe5 18.dxe5 Nc7 19.Nc4 Nd5 20.Reb3 Bc6 21.R3b2 Rc8 22.Qe2 Nc3  0-1

[Event "Titled Tue 19th Sep Early"]
[Site "chess.com INT"]
[Date "2023.09.19"]
[Round "7"]
[White "Nakamura,Hi"]
[Black "Teterev,V"]
[Result "1-0"]
[WhiteElo "2780"]
[BlackElo "2306"]

1.Nf3 Nf6 2.b3 g6 3.Bb2 Bg7 4.d4 O-O 5.e3 d6 6.c4 e5 7.dxe5 dxe5 8.Qxd8 Rxd8
9.Be2 e4 10.Nfd2 h5 11.Nc3 Bf5 12.h3 Na6 13.O-O-O Nc5 14.Nf1 h4 15.Nb5 Rxd1+
16.Kxd1 c6 17.Nd4 Rd8 18.Nd2 Bc8 19.Kc1 Nd3+ 20.Bxd3 exd3 21.N4f3 Nd7 22.Bxg7 Kxg7
23.Nxh4 Nc5 24.Nhf3 a5 25.Kb2 Bf5 26.Nd4 Be4 27.f3 Bf5 28.Nxf5+ gxf5 29.Kc3 b5
30.a3 Kf6 31.g4 Rb8 32.gxf5 Kxf5 33.Kd4 bxc4 34.Kxc4 Nd7 35.Kxd3 a4 36.b4 c5
37.Rb1 Ne5+ 38.Ke2 cxb4 39.Rxb4 Rxb4 40.axb4 a3 41.Nb3 a2 42.f4 Nc6 43.b5 Na5
44.Na1 Ke4 45.b6 Kd5 46.h4 Kc6 47.h5  1-0

[Event "Titled Tue 19th Sep Early"]
[Site "chess.com INT"]
[Date "2023.09.19"]
[Round "8"]
[White "Bryakin,M"]
[Black "Nakamura,Hi"]
[Result "0-1"]
[WhiteElo "2481"]
[BlackElo "2780"]

1.d4 a6 2.h4 d5 3.Nc3 Nf6 4.Bf4 c5 5.e3 Nc6 6.Nf3 Bg4 7.Be2 Bxf3 8.Bxf3 e6
9.Ne2 Bd6 10.c3 Qe7 11.Bxd6 Qxd6 12.dxc5 Qxc5 13.Nd4 O-O 14.O-O e5 15.Nxc6 bxc6
16.Qa4 a5 17.Rfd1 Rfb8 18.Rab1 h5 19.b3 g6 20.Rbc1 Ra7 21.g3 Rc7 22.Bg2 Kg7
23.Rc2 Nd7 24.b4 axb4 25.cxb4 Rxb4 26.Rxc5 Rxa4 27.Rc2 Raa7 28.Rdc1 Nf6 29.Bf3 Ra5
30.Rxc6 Rxc6 31.Rxc6 Rxa2 32.Rc1 e4 33.Bd1 Rb2 34.Kf1 Nd7 35.Be2 Kf6 36.Rc6+ Ke7
37.Rc1 Ne5 38.Rd1 Ke6 39.Ra1 Rb6 40.Rd1 Rd6 41.Rd4 Nc6 42.Ra4 Ne7 43.Rd4 Rb6
44.Ra4 Nf5 45.Ra1 Ke5 46.Ra5 Rb1+ 47.Kg2 Rb2 48.Kf1 Rc2 49.Rb5 Rc1+ 50.Kg2 Nd6
51.Ra5 Re1 52.Bf1 Rb1 53.Be2 Rb2 54.Kf1 Rb8 55.Kg2 Rd8 56.Kf1 Nf5 57.Ra7 Kf6
58.Ra6+ Kg7 59.Ra7 Rd6 60.Kg2 Rc6 61.Ra2 d4 62.exd4 Nxd4 63.Rd2 Rd6 64.Ra2 Kf6
65.Bc4 Rd7 66.Ra6+ Kg7 67.Ra2 Re7 68.Ra4 Nf5 69.Ra3 e3 70.Ra2 exf2 71.Kxf2 Rc7
72.Bd3 Nh6 73.Be2 Rc3 74.Bf3 Nf5 75.Rd2 Kf6 76.Ra2 Nd4 77.Bg2 Rd3 78.Rb2 Kg7
79.Ra2 Rb3 80.Be4 Rb4 81.Bg2 Nf5 82.Rd2 Ra4 83.Bf3 Ra3 84.Rb2 Ne3 85.Rd2 Nc4
86.Rc2 Ne5 87.Be2 Kf6 88.Rd2 Kf5 89.Rb2 Rc3 90.Ra2 Ng4+ 91.Kg2 Ne5 92.Kf2 f6
93.Rb2 Ra3 94.Rc2 Ke4 95.Rb2 Kf5 96.Rc2 Ng4+ 97.Bxg4+ Kxg4 98.Rc4+ Kh3 99.Rc6 Rxg3
100.Rxf6 Kxh4 101.Rf4+ Rg4 102.Rf6 Kg5 103.Ra6 h4 104.Kf3 Rg3+ 105.Kf2 Kh5
106.Ra5+ g5 107.Ra4 Rb3  0-1

[Event "Titled Tue 19th Sep Early"]
[Site "chess.com INT"]
[Date "2023.09.19"]
[Round "9"]
[White "Mikaelyan,A"]
[Black "Nakamura,Hi"]
[Result "0-1"]
[WhiteElo "2529"]
[BlackElo "2780"]

1.d4 a6 2.Nf3 Nf6 3.g3 b5 4.Bg2 Bb7 5.O-O e6 6.b3 d5 7.Bb2 Nbd7 8.Nbd2 Be7
9.c4 dxc4 10.bxc4 O-O 11.a4 b4 12.a5 c5 13.e3 Qc7 14.Qe2 Rac8 15.Rfc1 Rfd8
16.Nb3 Qb8 17.h3 Qa8 18.Ne1 Bxg2 19.Nxg2 Ne4 20.h4 Ndf6 21.Nf4 Bd6 22.dxc5 Bxc5
23.Nxc5 Rxc5 24.Bd4 e5 25.Bxc5 Rd2 26.Qf3 Rxf2 27.Qh1 Qc8 28.Nd3 Nxg3 29.Kxf2 Nxh1+
30.Rxh1 e4 31.Nf4 Qxc5 32.Rhg1 g6 33.h5 Nxh5 34.Nd5 Qxc4 35.Rad1 Qc2+ 36.Ke1 b3
37.Rd2 Qc1+ 38.Rd1 b2 39.Ke2 Qc4+ 40.Kf2 Qc2+  0-1